Statistics for Anime by Location

Click here to take the quiz!

General Stats

  • This quiz has been taken 77 times
  • The average score is 11 of 20

Answer Stats

HintAnswer% Correct
Planet VegetaDragon Ball
91%
BebopCowboy Bebop
85%
Ichiraku RamenNaruto
83%
U.A. High SchoolMy Hero Academia
82%
Class 3EAssassination Classroom
78%
Shinigami RealmDeath Note
75%
The Boar Hat TavernThe Seven Deadly Sins
65%
Totsuki Saryo Culinary InstituteFood Wars
63%
City ZOne Punch Man
60%
Shiganshina DistrictAttack on Titan
60%
Soul SocietyBleach
57%
Saffron CityPokemon
54%
East Blue SeaOne Piece
52%
AnteikuTokyo Ghoul
52%
Town of BeginningsSword Art Online
32%
AmestrisFullmetal Alchemist
28%
Gracefield HouseThe Promised Neverland
26%
Hair KingdomBobobo-bo Bo-bobo
9%
The Doom DimensionBakugan
8%
Sakurami CityFuture Diary
6%

Score Distribution

Percentile by Number Answered

Percent of People with Each Score

Your Score History

You have not taken this quiz